| 000 | 01134nam a22002057a 4500 | ||
|---|---|---|---|
| 999 |
_c5566 _d5566 |
||
| 003 | OSt | ||
| 005 | 20251003083058.0 | ||
| 008 | 251003b ||||| |||| 00| 0 eng d | ||
| 020 | _a9780571288007 | ||
| 040 | _cKH8 | ||
| 082 | _aFIC JAM | ||
| 100 |
_aJmaes P. D, _eauthor. |
||
| 245 |
_aDeath Comes to Pemberley / _cP. D. James. |
||
| 260 |
_aLondon ; _bFaber and Faber Ltd , _c2012. |
||
| 300 |
_a330 pages : _c20 cm. |
||
| 520 | _aThe year is 1803, and Fitzwilliam Darcy and Elizabeth Bennet have been married for six years. There are now two handsome and healthy sons in the nursery, Elizabeth's beloved sister Jane and her husband Bingley live nearby and the orderly world of Pemberley seems unassailable. But all this is threatened when, on the eve of the annual autumn ball, the guests are preparing to retire for the night when a chaise appears, rocking down the path from Pemberley's wild woodland. As it pulls up, Lydia Wickham - Elizabeth Bennet's younger, unreliable sister - stumbles out screaming that her husband has been murdered. | ||
| 650 |
_aHistorical _vFiction |
||
| 650 |
_aMystery _vFiction |
||
| 942 |
_2ddc _cFIC |
||